000 00729nam a2200229Ia 4500
003 OSt
005 20220923230401.0
006 a|||||r|||| 00| 0
007 ta
008 Pun
024 _a280,089
037 _cTextual
040 _aARTS
_cARTS
_bPun
041 _2Pun
_aPun
082 _aO153,2N08:g, L7
100 _aਸਿੰਘ, ਅਮਰਜੀਤ
_9156291
245 0 _aਸੇਖੋਜ਼ ਦੇ ਇਤਿਹਾਸਕ ਤੇ ਮਿਥਿਹਾਸਕ ਨਾਟਕ
260 _aਅੰਮ੍ਰਿਤਸਰ
_b ਨਾਨਕ ਸਿੰਘ ਪੁਸਤਕ ਮਾਲਾ
_c1977
300 _a68ਪੰ
_ccm.
942 _hO153,2N08:g, L7
_cTEXL
_2CC
999 _c384430
_d384430